[Event "EU-ch U16 26th"]
[Site "Prague"]
[Date "2016.08.24"]
[Round "6"]
[White "Yilmaz, Goktan"]
[Black "D'Urbano, Gabriele"]
[Result "1-0"]
[WhiteElo "2134"]
[BlackElo "2002"]
[PlyCount "85"]
[EventDate "2016.08.18"]
[EventType "swiss"]
[EventRounds "9"]
[EventCountry "CZE"]
[SourceTitle "CBM 174 Extra"]
[Source "ChessBase"]
[SourceDate "2016.10.10"]
[SourceVersion "1"]
[SourceVersionDate "2016.10.10"]
[SourceQuality "1"]

1. e4 e6 2. d4 d5 3. Nc3 Nf6 4. Bg5 Be7 5. e5 Nfd7 6. h4 h6 7. Bxe7 Qxe7 8. f4 a6 9. Nf3 c5 10. Qd2 Nc6 11. 0-0-0 c4 12. f5 b5 13. g4 Nb6 14. Qf4 Qb7 15. Ne2 Bd7 16. g5 0-0-0 17. f6 g6 18. gxh6 b4 19. h5 b3 20. cxb3 cxb3 21. a3 Be8 22. hxg6 fxg6 23. Nc3 Kb8 24. Ng5 Bf7 25. Bxa6 Qxa6 26. Nxf7 Rc8 27. Nd6 Nb4 28. Qf1 Rxc3+ 29. bxc3 Qxa3+ 30. Kd2 Qb2+ 31. Ke3 Qxc3+ 32. Kf4 g5+ 33. Kg4 Nc2 34. Qb5 Ne3+ 35. Kh5 Nec4 36. Nxc4 Qf3+ 37. Kg6 Qf5+ 38. Kf7 Rh7+ 39. Kf8 Rh8+ 40. Ke7 Rh7+ 41. Kd6 Rd7+ 42. Qxd7 Nxd7 43. h7 1-0

[Event "EU-ch U16 26th"]
[Site "Prague"]
[Date "2016.08.20"]
[Round "3"]
[White "D'Urbano, Gabriele"]
[Black "Temmerman, Sander"]
[Result "1-0"]
[WhiteElo "2002"]
[BlackElo "1659"]
[PlyCount "83"]
[EventDate "2016.08.18"]
[EventType "swiss"]
[EventRounds "9"]
[EventCountry "CZE"]
[SourceTitle "CBM 174 Extra"]
[Source "ChessBase"]
[SourceDate "2016.10.10"]
[SourceVersion "1"]
[SourceVersionDate "2016.10.10"]
[SourceQuality "1"]

1. Nf3 Nf6 2. c4 e6 3. g3 c5 4. Bg2 Nc6 5. 0-0 Be7 6. d4 0-0 7. d5 exd5 8. cxd5 Nd4 9. Nxd4 cxd4 10. Qxd4 d6 11. Nc3 Nd7 12. Bf4 Bf6 13. Qd2 Nc5 14. Rac1 Re8 15. Nb5 Be5 16. b4 Na6 17. Be3 Bd7 18. a4 Bxb5 19. axb5 Nc7 20. Qd3 b6 21. Rc6 Qd7 22. Rfc1 Rac8 23. Qc4 Re7 24. Bg5 f6 25. Bd2 f5 26. Bh3 g6 27. Bg5 Rf7 28. Bf4 Bxf4 29. Qxf4 Rf6 30. Qc4 Rf7 31. e4 Qe7 32. Qc2 Qe5 33. Kh1 Qd4 34. Rc4 Qf6 35. f4 Kf8 36. e5 dxe5 37. Rc6 Qg7 38. d6 exf4 39. Rxc7 Rfxc7 40. Qxc7 Qxc7 41. dxc7 fxg3 42. Bg2 1-0

[Event "EU-ch U16 26th"]
[Site "Prague"]
[Date "2016.08.19"]
[Round "2"]
[White "Mouthuy, Jacky Long"]
[Black "D'Urbano, Gabriele"]
[Result "1-0"]
[WhiteElo "1564"]
[BlackElo "2002"]
[PlyCount "55"]
[EventDate "2016.08.18"]
[EventType "swiss"]
[EventRounds "9"]
[EventCountry "CZE"]
[SourceTitle "CBM 174 Extra"]
[Source "ChessBase"]
[SourceDate "2016.10.10"]
[SourceVersion "1"]
[SourceVersionDate "2016.10.10"]
[SourceQuality "1"]

1. e4 e6 2. d4 d5 3. exd5 exd5 4. Bd3 c5 5. c3 Nc6 6. Ne2 Nf6 7. 0-0 Be7 8. Be3 cxd4 9. Nxd4 Nxd4 10. Bxd4 0-0 11. Qb3 b6 12. Nd2 Be6 13. Nf3 h6 14. Rfe1 Rc8 15. h3 Ne4 16. Qa4 Nc5 17. Bxc5 bxc5 18. Qxa7 Ra8 19. Qb7 Rb8 20. Qc6 Rxb2 21. Rxe6 c4 22. Bf5 fxe6 23. Qxe6+ Kh8 24. Ne5 Rf6 25. Ng6+ Rxg6 26. Qxg6 Qg8 27. Re1 Rb7 28. Re6 1-0

[Event "Olbia CIG U16 24th"]
[Site "Olbia"]
[Date "2016.06.29"]
[Round "5"]
[White "D'Urbano, Gabriele"]
[Black "Landi, Alberto"]
[Result "0-1"]
[WhiteElo "1878"]
[BlackElo "2035"]
[PlyCount "92"]
[EventDate "2016.06.26"]
[EventType "swiss"]
[EventRounds "9"]
[EventCountry "ITA"]
[SourceTitle "EXT 2024"]
[Source "ChessBase"]
[SourceDate "2023.10.10"]
[SourceVersion "1"]
[SourceVersionDate "2023.10.10"]
[SourceQuality "1"]

1. Nf3 Nf6 2. c4 g6 3. g3 Bg7 4. Bg2 0-0 5. 0-0 d6 6. d4 Nc6 7. Nc3 a6 8. h3 Bd7 9. e4 e5 10. Be3 exd4 11. Nxd4 Re8 12. Re1 Rb8 13. Rc1 Be6 14. Nxc6 bxc6 15. b3 Nd7 16. Kh2 c5 17. Qd2 Ne5 18. f4 Nc6 19. e5 Qd7 20. Rcd1 Rbd8 21. Bxc5 dxc5 22. Qxd7 Bxd7 23. Rxd7 Rxd7 24. Bxc6 Rd2+ 25. Re2 Red8 26. Rxd2 Rxd2+ 27. Kg1 Kf8 28. Nd5 Rxa2 29. Nxc7 Ke7 30. Ba4 Kd8 31. Nd5 g5 32. Nc3 Rb2 33. Ne4 gxf4 34. gxf4 Bh6 35. Nxc5 Bxf4 36. Nxa6 Bxe5 37. Nb4 Bd4+ 38. Kh1 Kc7 39. Nd5+ Kd6 40. Nf4 f5 41. Nd3 Rd2 42. Nf4 Ke5 43. Ng2 Rd1+ 44. Kh2 Bg1+ 45. Kg3 Rd3+ 46. Kh4 Bf2+ 0-1